| 000 | 00403nam a22001697a 4500 | ||
|---|---|---|---|
| 020 | _a81-920935-3-0 | ||
| 082 |
_a647.01 _bPAN |
||
| 100 | _aPANDAY, MANORANJAN | ||
| 245 | _aTOURISM AND HOSPITALITY INDUSTRY | ||
| 250 | _a1ST | ||
| 260 |
_aDELHI _bNAMAN _c2011 |
||
| 300 | _a289 | ||
| 650 | _aTOURISM AND HOTEL MANAGEMENT | ||
| 653 | _aTOURISM , HOTEL MANAGEMENT | ||
| 700 | _aBOOK | ||
| 942 |
_2ddc _cBK |
||
| 999 |
_c8010 _d8010 |
||